000 00622nam a2200241Ia 4500
003 OSt
005 20220916111115.0
006 a|||||r|||| 00| 0
007 ta
008 220915b |||||||| |||| 00| 0 eng d
024 _a251893
037 _cTextbook
040 _beng
_aARTS
_cARTS
041 _aeng
082 _aV53:19wL68, K1;1
100 _aBaldick Robert Tr.
245 0 _aMemoris of Chateaubriand
260 _aLondon
_bHamish Halmilton
300 _axix,377p
_ccm.
650 _aHISTORY
942 _hV53:19wL68, K1;1
_cTB
_2CC
999 _c105657
_d105657